Function and gross morphology in fish

Zapisane w:
Opis bibliograficzny
Główni autorzy: Aleev, Yu G (Autor), Vodyanistskii, V. A (Autor)
Format: Książka
Język:angielski
Wydane: Jerusalén Israel Program for Scientific Translations 1969
Hasła przedmiotowe:
Etykiety: Dodaj etykietę
Nie ma etykietki, Dołącz pierwszą etykiete!

MARC

LEADER 00000nam a2200000 a 4500
001 UCV5042
003 CL-VaPUC
008 920401e19690000IS |||||||||||||||||eng|d
082 0 4 |a 597.04  |b ALE  |2 21 
100 0 |a Aleev, Yu G  |e author  |9 299290 
700 0 |a Vodyanistskii, V. A  |e author  |9 299291 
245 1 0 |a Function and gross morphology in fish 
300 |a 268 p 
942 |c BK 
945 |d 19920401 00:00:00 
260 |a Jerusalén  |b Israel Program for Scientific Translations  |c 1969 
650 7 |a PECES MORFOLOGIA  |2 CL-VaPUC  |9 299292 
650 7 |a MORFOLOGIA ANIMAL  |2 CL-VaPUC  |9 299293 
583 |a last modification  |c 19920401 00:00:00  |k Rodrigo Vera 
999 |c 211645  |d 211643